Breviary of piety for clerics (Registro nro. 86925)
[ vista simple ]
| 000 -ENCABEZADO | |
|---|---|
| Número de control [NR] | 00698nam a22002177a 4500 |
| 005 - FECHA Y HORA DE LA ÚLTIMA TRANSACCIÓN | |
| control field | 20240425153930.0 |
| 008 - DE LONGITUD FIJA DE DATOS DE ELEMENTOS - INFORMACIÓN GENERAL | |
| Elementos de longitud fija [NR] | 130821s1942 ie gr eng |
| 040 ## - FUENTE DE CATALOGACION [NR] | |
| Agencia de catalogación original [NR] | Co-BoUCM |
| Idioma de catalogación [NR] | spa |
| Quien Cataloga | Natalia Piñeros (Modificó) |
| Quien Clasifica | Natalia Piñeros (Modificó) |
| 041 00 - CODIGO DE IDIOMA [R] | |
| Código de idioma para texto/pista de sonido o título separado [R] | Inglés |
| 245 00 - MENCION DE TITULO [NR] | |
| Título [NR] | Breviary of piety for clerics |
| 250 ## - MENCION DE EDICION [NR] | |
| Mención de edición [NR] | 6a. ed. |
| 260 ## - PUBLICACION, DISTRIBUCION, ETC. (PIE DE IMPRENTA) [R] | |
| Lugar de publicación, distribución, etc. [R] | Dublín (Irlanda) |
| Nombre del editor, distribuidor, etc. [R] | Browneand Nolan limited |
| Fecha de publicación, distribución, etc. [R] | 1942 |
| 300 ## - DESCRIPCION FISICA [R] | |
| Extensión [R] | 516 páginas |
| 650 04 - ASIENTO SECUNDARIO DE MATERIA - TERMINO TEMATICO [R] | |
| Término temático o nombre geográfico como elemento de entrada [NR] | Breviarios |
| 9 (RLIN) | 10214 |
| 650 04 - ASIENTO SECUNDARIO DE MATERIA - TERMINO TEMATICO [R] | |
| Término temático o nombre geográfico como elemento de entrada [NR] | Devocionarios |
| 9 (RLIN) | 13119 |
| 650 04 - ASIENTO SECUNDARIO DE MATERIA - TERMINO TEMATICO [R] | |
| Término temático o nombre geográfico como elemento de entrada [NR] | Oficio divino |
| 9 (RLIN) | 20713 |
| 650 04 - ASIENTO SECUNDARIO DE MATERIA - TERMINO TEMATICO [R] | |
| Término temático o nombre geográfico como elemento de entrada [NR] | Oración |
| 9 (RLIN) | 20789 |
| 650 04 - ASIENTO SECUNDARIO DE MATERIA - TERMINO TEMATICO [R] | |
| Término temático o nombre geográfico como elemento de entrada [NR] | Sacerdotes |
| Subdivisión general [R] | Devoción |
| 9 (RLIN) | 23877 |
| 942 ## - ELEMENTOS DE ENTRADA AGREGADOS (KOHA) | |
| Tipo de ítem principal el descrito en 300a | Libro |
| Tema principal | Religión |
| Edición | 6 |
| Parte restante de la signatura top. | B739 |
| Título oculto en OPAC | No |
| Sistema de clasificación | DEWEY |
| Clasificación | 264.027 |
| Signatura topográfica | Código de barras | Última vez visto | Volúmen / Fascículo | Ejemplar | Costo de reposición | Price effective from | Tipo de ítem | Nota pública (OPAC) | Perdido | Sistema de clasificación | Dañado | No prestable | Tipo de ítem específico | Suprimido | Ubicación habitual | Ubicación actual | Localización | Fecha de creación | Forma de adquisición |
|---|---|---|---|---|---|---|---|---|---|---|---|---|---|---|---|---|---|---|---|
| 264.027 B739 | 120000322 | 04/12/2025 | 6A. ED. | Ej.1 | 26000.00 | 03/02/2013 | Libro | Galería de donantes - José Vicente Castro Silva | DEWEY | Libro | Claustro | Claustro | 3er piso | 28/02/2003 | Donación |